000 00872nam a2200265Ia 4500
003 OSt
005 20220927110415.0
006 a|||||r|||| 00| 0
007 ta
008 220926b |||||||| |||| 00| 0 eng d
024 _a50146
037 _cReports
040 _aRTL
_cRTL
_beng
041 _2eng
_aeng
082 _a"X:8F.8.N77t, L7"
110 _a"Australia ,Government of.... Public Accounis (Joint committee of-)"
_9377933
245 0 _a"Report, 159th"
260 _aCanberra
_bGovt Press
_c1977
300 _a21p.
_ccm.
490 _a"Parliament of the commonwealth of Australia , Parliamentary Paper 132/1976"
650 _aAccounts Management
_9353017
700 _a"Australia ,Government of.... Public Accounis (Joint committee of-)"
_9377934
942 _h"X:8F.8.N77t, L7"
_cCC
999 _c696518
_d696518